| 000 | 00420cam a2200181ua 4500 | ||
|---|---|---|---|
| 020 | _c5.00 | ||
| 041 |
_ahin _h |
||
| 082 |
_a891.43 _bRAM/RA |
||
| 100 | _aRamnath, Suman . | ||
| 245 |
_aRahasyamayi / _cRamnath Suman. _hTextual Documents |
||
| 250 |
_a1 / _b. |
||
| 260 |
_aDelhi : _bRajpal and sanch , _c1957. |
||
| 300 | _a292 ; . | ||
| 365 | _a5.00 | ||
| 504 | _a | ||
| 942 | _cBK | ||
| 999 |
_c12714 _d12714 |
||